[Event "Titled Tue 27th May Early"]
[Site "chess.com INT"]
[Date "2025.05.27"]
[Round "7"]
[White "Papaioannou, Dimitrios"]
[Black "Mizzi, Jack"]
[Result "0-1"]
[WhiteTitle "CM"]
[BlackTitle "CM"]
[WhiteElo "2200"]
[BlackElo "2086"]
[WhiteFideId "25865137"]
[BlackFideId "5602521"]
[EventDate "2025.05.27"]

1. Nf3 Nf6 2. c4 b6 3. g3 Bb7 4. Bg2 d5 5. Ne5 e6 6. O-O Nbd7 7. d4 c5 8. Bg5
Be7 9. cxd5 Nxd5 10. Bxe7 Qxe7 11. Nxd7 Qxd7 12. dxc5 bxc5 13. Nd2 O-O 14. Rc1
Rac8 15. Nc4 Qe7 16. Qb3 Ba8 17. Qa3 Nb4 18. Bxa8 Rxa8 19. Rfd1 Rfd8 20. Qa4 h6
21. a3 Nd5 22. Qa5 Qc7 23. Qxc7 Nxc7 24. Ne5 Rxd1+ 25. Rxd1 Rb8 26. Rd7 Nd5 27.
Rxa7 Rxb2 28. e4 Nc3 29. f3 Ne2+ 30. Kf1 f6 31. Nd3 Rc2 32. Rc7 Nd4 33. Rxc5 Ra2
34. Ne1 Rxa3 35. Kf2 Ra2+ 36. Kf1 Rxh2 37. Rc4 e5 38. g4 Kh7 39. Rc7 Kg6 40. Kg1
Ra2 41. Kf1 Ne6 42. Rc6 Nf4 43. Rc7 Ra1 44. Kf2 Ra2+ 45. Kf1 Ne6 46. Rc6 Ng5 47.
Rc7 Nh3 48. Nd3 Rd2 49. Nc5 Rf2+ 50. Ke1 Rc2 51. Kd1 Rc4 52. Kd2 Ng5 0-1

[Event "Titled Tue 27th May Early"]
[Site "chess.com INT"]
[Date "2025.05.27"]
[Round "7"]
[White "Berezin, Viktor RUS"]
[Black "Montano Vicente, Guadalupe"]
[Result "0-1"]
[WhiteTitle "FM"]
[WhiteElo "1921"]
[BlackElo "1940"]
[WhiteFideId "4128869"]
[BlackFideId "5181399"]
[EventDate "2025.05.27"]

1. e4 c5 2. Nf3 d6 3. d4 cxd4 4. Nxd4 Nf6 5. Nc3 a6 6. Be2 e5 7. Nb3 Be7 8. O-O
O-O 9. Be3 Be6 10. f3 d5 11. exd5 Nxd5 12. Nxd5 Bxd5 13. Qd2 Nc6 14. Rad1 Be6
15. Qxd8 Rfxd8 16. Rxd8+ Rxd8 17. Rd1 Rxd1+ 18. Bxd1 f5 19. Bc5 Bg5 20. Kf2 Kf7
21. Be2 Bd8 22. Ke3 Bg5+ 23. Kd3 b5 24. Be3 Bc4+ 25. Kd2 f4 26. Bb6 Bxe2 27.
Kxe2 Be7 28. c3 Ke6 29. Kd3 Kd5 30. Bc7 g6 31. Nd2 Bc5 32. Ne4 Be7 33. b3 a5 34.
c4+ bxc4+ 35. bxc4+ Ke6 36. Kc3 Bb4+ 37. Kd3 h6 38. Bb6 Be7 39. Nc5+ Bxc5 40.
Bxc5 Kf5 41. a4 g5 42. Bf8 h5 43. Bc5 g4 44. fxg4+ hxg4 45. Bb6 e4+ 46. Ke2 e3
47. Bc7 Ke4 48. Bb6 f3+ 49. gxf3+ gxf3+ 50. Ke1 Kd3 51. Bc7 Nd4 52. Be5 Nc2+ 53.
Kd1 e2+ 54. Kc1 e1=Q+ 0-1

[Event "Titled Tue 27th May Early"]
[Site "chess.com INT"]
[Date "2025.05.27"]
[Round "7"]
[White "Horobetz, Graham"]
[Black "Sheehan, Ethan"]
[Result "0-1"]
[WhiteElo "2250"]
[BlackElo "2380"]
[WhiteFideId "2047322"]
[BlackFideId "30943965"]
[EventDate "2025.05.27"]

1. e4 e5 2. Nf3 Nc6 3. Bb5 a6 4. Ba4 d6 5. c3 Nf6 6. d4 Bd7 7. d5 Ne7 8. Bxd7+
Qxd7 9. Nbd2 g6 10. c4 Bh6 11. O-O O-O 12. Re1 c6 13. dxc6 Qxc6 14. b3 b5 15.
Nf1 Bxc1 16. Rxc1 Qb6 17. Qd3 Rac8 18. Ne3 Rfd8 19. h3 Nd7 20. Nd5 Nxd5 21. cxd5
Qa5 22. Qd2 Qxd2 23. Nxd2 Nc5 24. Re3 b4 25. Nc4 Nb7 26. Ree1 Rc5 27. Nb6 Kf8
28. Na4 Rxc1 29. Rxc1 Ke7 30. Rc6 a5 31. Kf1 Kd7 32. Ke2 f5 33. f3 Ke7 34. Rc7+
Rd7 35. Rc6 Rd8 36. Kd3 fxe4+ 37. fxe4 g5 38. Rc7+ Rd7 39. Rc6 Nd8 40. Ra6 Rc7
41. Rxa5 Rc1 42. Ra7+ Kf6 43. Rd7 Nf7 44. Rb7 Ra1 45. Rxb4 Rxa2 46. Rb8 Rxg2 47.
b4 Rg3+ 48. Kc4 Rxh3 49. b5 g4 50. b6 Rh1 51. Nb2 Rc1+ 52. Kd3 Kg7 53. b7 g3 54.
Rg8+ Kxg8 55. b8=Q+ Kg7 56. Qa8 g2 57. Kd2 g1=Q 58. Nd3 Rd1+ 59. Kc3 Qd4+ 0-1

[Event "Titled Tue 27th May Early"]
[Site "chess.com INT"]
[Date "2025.05.27"]
[Round "7"]
[White "Ochedzan, Filip"]
[Black "Berikkyzy Alanna"]
[Result "0-1"]
[WhiteTitle "CM"]
[BlackTitle "WFM"]
[WhiteElo "2130"]
[BlackElo "2104"]
[WhiteFideId "21892610"]
[BlackFideId "13780719"]
[EventDate "2025.05.27"]

1. f4 c5 2. Nf3 Nc6 3. g3 d6 4. Bg2 e5 5. d3 f5 6. e4 fxe4 7. dxe4 Nf6 8. Nc3
Be7 9. O-O O-O 10. Qe2 Bg4 11. h3 Nd4 12. Qd3 Nxf3+ 13. Bxf3 Bxh3 14. Rf2 Be6
15. f5 Bf7 16. g4 h6 17. Rh2 Nh7 18. Be3 c4 19. Qd2 Bg5 20. Rd1 Bxe3+ 21. Qxe3
Qf6 22. Be2 b6 23. Qd2 Rad8 24. Nd5 Bxd5 25. Qxd5+ Kh8 26. Qxc4 Rc8 27. Qd3 Rfd8
28. c3 Ng5 29. Bf1 b5 30. Qe3 a6 31. Rhd2 Rc6 32. Rd5 Nf7 33. Be2 Rdc8 34. R5d2
Rc5 35. Kf2 a5 36. a3 Qh4+ 37. Qg3 Qe7 38. Qe3 Qb7 39. Rd5 b4 40. g5 Nxg5 41.
axb4 axb4 42. c4 Rxd5 43. Rxd5 Nf7 44. Bh5 Rd8 45. b3 Ng5 46. Qd3 Ra8 47. Rxd6
Nxe4+ 48. Ke3 Nxd6 49. Qxd6 Qa7+ 50. Kf3 Qb7+ 51. Ke3 Qa7+ 52. Kf3 Qa2 53. Bg6
Qxb3+ 54. Ke4 Qxc4+ 55. Kxe5 Ra5+ 56. Qd5 0-1

[Event "Titled Tue 27th May Early"]
[Site "chess.com INT"]
[Date "2025.05.27"]
[Round "7"]
[White "Gadzhiev, Ruslan"]
[Black "Nakonechnyi, Oleksii"]
[Result "1/2-1/2"]
[WhiteTitle "CM"]
[BlackTitle "CM"]
[WhiteElo "2169"]
[BlackElo "2224"]
[WhiteFideId "55671926"]
[BlackFideId "34173714"]
[EventDate "2025.05.27"]

1. e4 c5 2. Nf3 e6 3. d4 cxd4 4. Nxd4 Nc6 5. Nc3 Bb4 6. Nb5 d6 7. a3 Bxc3+ 8.
bxc3 Ke7 9. a4 Nf6 10. Nxd6 Qa5 11. Nb5 Rd8 12. Ba3+ Ke8 13. Qf3 a6 14. Nd6+
Rxd6 15. Bxd6 Nxe4 16. Bf4 Nxc3 17. Bd2 Qe5+ 18. Qe3 Ne4 19. Rc1 Qd5 20. Bd3
Nxd2 21. Kxd2 e5 22. f3 Bf5 23. Ke2 Bxd3+ 24. Qxd3 Qxd3+ 25. cxd3 Ke7 26. Rb1
Rb8 27. Rhc1 Kd6 28. Rb6 Kc7 29. a5 Rd8 30. Ke3 Rd5 31. Rb2 Rxa5 32. f4 exf4+
33. Kxf4 Rh5 34. h3 Rh4+ 35. Ke3 Ra4 36. d4 Ra5 37. Rd2 Kd6 38. Rb2 Kc7 39. Ke4
f5+ 40. Ke3 Rd5 41. h4 g6 42. g3 h6 43. Rc5 Rxc5 44. dxc5 Ne5 45. Kd4 Nd7 46.
Kd5 Nf6+ 47. Ke5 Ne4 48. g4 Nxc5 49. Rc2 Kc6 50. gxf5 gxf5 51. Kxf5 Kd5 52. h5
b5 53. Kg6 b4 54. Kxh6 b3 55. Rh2 Ne6 56. Rd2+ Kc4 57. Re2 Kd5 58. Rd2+ Kc4 59.
Re2 Kd5 60. Rd2+ 1/2-1/2

[Event "Titled Tue 27th May Early"]
[Site "chess.com INT"]
[Date "2025.05.27"]
[Round "7"]
[White "Punin, Andrii"]
[Black "Karas, Eugenia"]
[Result "1/2-1/2"]
[WhiteTitle "FM"]
[BlackTitle "WFM"]
[WhiteElo "2289"]
[BlackElo "2124"]
[WhiteFideId "14112639"]
[BlackFideId "463485"]
[EventDate "2025.05.27"]

1. e4 c5 2. Be2 d6 3. f4 g6 4. Nf3 Bg7 5. c3 e5 6. fxe5 dxe5 7. O-O Ne7 8. Bc4
f6 9. d4 cxd4 10. cxd4 exd4 11. Nxd4 Nbc6 12. Ne6 Qxd1 13. Rxd1 Bxe6 14. Bxe6
Rd8 15. Rxd8+ Nxd8 16. Bb3 f5 17. exf5 Nxf5 18. Nc3 Bd4+ 19. Kf1 Rf8 20. Ke2 Nh4
21. Bg5 Nxg2 22. Ba4+ Nc6 23. Kd3 Bxc3 24. bxc3 Nf4+ 25. Ke4 Ne6 26. Be3 Ke7 27.
Rb1 Ncd8 28. Bb3 b6 29. h4 Nc5+ 30. Bxc5+ bxc5 31. Bd5 Rf2 32. h5 gxh5 33. Rh1
Re2+ 34. Kf4 Ne6+ 35. Bxe6 Kxe6 36. Rxh5 Rxa2 37. Rxc5 a5 38. Rc7 a4 39. Ra7 h5
40. c4 Ra1 41. Ra6+ Kd7 42. Kg3 a3 43. Kg2 a2 44. c5 h4 45. Kh2 h3 46. Ra7+ Kc6
47. Ra5 Kc7 48. Ra6 Kb7 49. Ra4 Kc7 50. Ra3 Kc6 51. Ra5 Kc7 52. Ra6 Kb7 53. Ra3
Kc6 54. Ra5 1/2-1/2

[Event "Titled Tue 27th May Early"]
[Site "chess.com INT"]
[Date "2025.05.27"]
[Round "7"]
[White "Suvradeepta, Das"]
[Black "Dogan, Umut Anil"]
[Result "1-0"]
[WhiteTitle "FM"]
[BlackTitle "CM"]
[WhiteElo "2254"]
[BlackElo "2123"]
[WhiteFideId "5058031"]
[BlackFideId "51618060"]
[EventDate "2025.05.27"]

1. Nf3 d5 2. d4 c5 3. g3 cxd4 4. Nxd4 e5 5. Nb3 Nc6 6. Bg2 Nf6 7. O-O Be6 8. Nc3
d4 9. Ne4 Nxe4 10. Bxe4 f5 11. Bg2 Bd5 12. e3 Bxg2 13. Kxg2 Qd5+ 14. Kg1 a5 15.
exd4 a4 16. Nd2 Nxd4 17. c3 Nc6 18. Nf3 Qxd1 19. Rxd1 e4 20. Nd4 Ne5 21. Nxf5 g6
22. Nd6+ Bxd6 23. Rxd6 Nf3+ 24. Kg2 Ke7 25. Rb6 Rhd8 26. Rb4 Ne1+ 27. Kf1 Nc2
28. Rxe4+ Kf7 29. Rb1 Rd1+ 30. Kg2 Ne1+ 31. Kf1 Rad8 32. Rxe1 Rxe1+ 33. Kxe1 Ke6
34. Be3 Kf5 35. Rd1 Re8 36. Rd7 h5 37. h4 Kg4 38. Rxb7 Kh3 39. Ke2 Kg2 40. Rb4
a3 41. bxa3 Rc8 42. Rb3 Ra8 43. Bd4 Ra4 44. Be3 Ra5 45. c4 Ra4 46. Rc3 Ra6 47.
c5 Rc6 48. a4 Kh3 49. Rc4 Kg2 50. a5 Kh3 51. Ra4 Ra6 52. Kf3 Rf6+ 53. Ke4 g5 54.
hxg5 Re6+ 55. Kf5 Re8 56. a6 h4 57. Rxh4+ Kg2 58. Ra4 Kf3 59. a7 Rf8+ 60. Kg6
Ra8 61. Kh6 Kg2 62. g6 Rh8+ 63. Kg7 Ra8 64. Kh7 Kg1 65. g7 Rd8 66. g8=Q Rd7+ 67.
Qg7 Rd5 68. a8=Q Rh5+ 69. Qh6 Rh3 70. Qh1+ Rxh1 71. Qxh1+ Kxh1 72. c6 Kg2 73. c7
Kf3 74. c8=Q Kg2 75. Qc6+ Kg1 76. Rb4 Kh2 77. Rh4+ Kg1 78. Rh1# 1-0

[Event "Titled Tue 27th May Early"]
[Site "chess.com INT"]
[Date "2025.05.27"]
[Round "7"]
[White "Hayrapetyan, Edgar"]
[Black "Durarbayli, Vasif"]
[Result "1-0"]
[WhiteTitle "FM"]
[BlackTitle "GM"]
[WhiteElo "2161"]
[BlackElo "2612"]
[WhiteFideId "13313568"]
[BlackFideId "13402935"]
[EventDate "2025.05.27"]

1. e4 e5 2. Nf3 Nc6 3. Bb5 a6 4. Ba4 Nge7 5. c3 g6 6. d4 exd4 7. cxd4 b5 8. Bb3
d5 9. O-O Bg7 10. Nc3 dxe4 11. Nxe4 O-O 12. Bg5 h6 13. Be3 Bf5 14. Nc5 Na5 15.
Bc2 Nc4 16. b3 Nb6 17. Rc1 Nbd5 18. Qd2 Kh7 19. Rfe1 a5 20. h3 b4 21. Nd3 Nc3
22. a4 Ne4 23. Qe2 Nd5 24. Nfe5 Nec3 25. Qf3 Be4 26. Qg3 Qd6 27. Bd2 Rae8 28.
Be3 f6 29. Nc4 Qxg3 30. fxg3 f5 31. Bf2 Ra8 32. Nc5 Bxc2 33. Rxc2 f4 34. gxf4
Nxf4 35. Re7 Rae8 36. Rxe8 Rxe8 37. Nxa5 Nfe2+ 38. Kf1 Nxd4 39. Bxd4 Bxd4 40.
Nd3 Nd5 41. Re2 Ne3+ 42. Ke1 Nxg2+ 43. Kd2 Bc3+ 44. Kd1 Ne3+ 45. Kc1 g5 46. Nc4
Rd8 47. Rxe3 h5 48. Re7+ Kg6 49. Kc2 g4 50. hxg4 hxg4 51. Rxc7 g3 52. a5 Rf8 53.
Ne3 Rf3 54. Rc6+ Kg5 55. Re6 1-0

[Event "Titled Tue 27th May Early"]
[Site "chess.com INT"]
[Date "2025.05.27"]
[Round "7"]
[White "Brezis, Ari"]
[Black "Yglesias Herrera, Michel"]
[Result "1-0"]
[WhiteTitle "CM"]
[BlackTitle "CM"]
[WhiteElo "2188"]
[BlackElo "2100"]
[WhiteFideId "2858541"]
[BlackFideId "3510840"]
[EventDate "2025.05.27"]

1. d4 d5 2. Nf3 Nf6 3. c4 e6 4. Nc3 Be7 5. Bg5 O-O 6. e3 c6 7. Bd3 Nbd7 8. O-O
b6 9. Qc2 Bb7 10. b3 Rc8 11. Ne5 h6 12. Bh4 c5 13. cxd5 cxd4 14. exd4 Nxd5 15.
Bxe7 Qxe7 16. Nxd5 Bxd5 17. Qe2 Rfd8 18. Rac1 Nf6 19. Qe3 Qb4 20. Bb1 Bb7 21.
Rxc8 Bxc8 22. Rd1 Bb7 23. f3 a5 24. Qd3 a4 25. h4 axb3 26. axb3 Rc8 27. Nc4 b5
28. Nd2 Rc3 29. Qe2 Qxd4+ 30. Qf2 Qxf2+ 31. Kxf2 Nd5 32. Be4 Kf8 33. Ra1 Ke7 34.
Ra7 Rc7 35. Bxd5 exd5 36. Ke3 Kd6 37. Kd4 Kc6 38. Ra1 Kb6 39. Re1 f6 40. Nf1 g5
41. Ne3 gxh4 42. Nf5 h3 43. gxh3 b4 44. Re6+ Rc6 45. Re7 Rc3 46. Re6+ Ka7 47.
Nd6 Ba6 48. Re7+ Kb6 49. Kxd5 Rxb3 50. Nc4+ Kb5 51. Nd6+ Ka4 52. Ra7 Rd3+ 53.
Ke4 Ka5 54. Rxa6+ Kxa6 55. Kxd3 Kb6 56. Kc4 Kc6 57. Nf5 Kd7 58. Nxh6 Ke6 59. Ng4
Kf5 60. Kxb4 Kg5 61. Kc4 f5 62. Kd4 Kf4 63. Nh2 Kg3 64. Ke5 Kxh3 65. Kxf5 Kg3
66. f4 Kh4 67. Kg6 Kg3 68. f5 1-0

[Event "Titled Tue 27th May Early"]
[Site "chess.com INT"]
[Date "2025.05.27"]
[Round "7"]
[White "Jumabayev, Rinat"]
[Black "Bluebaum, Matthias"]
[Result "1-0"]
[WhiteTitle "GM"]
[BlackTitle "GM"]
[WhiteElo "2551"]
[BlackElo "2660"]
[WhiteFideId "13702661"]
[BlackFideId "24651516"]
[EventDate "2025.05.27"]

1. Nf3 d5 2. g3 e6 3. Bg2 Nf6 4. O-O Bd6 5. c4 O-O 6. d4 Nc6 7. Nc3 dxc4 8. Qa4
e5 9. d5 Ne7 10. Qxc4 a6 11. Bg5 Ng6 12. Nd2 h6 13. Bxf6 Qxf6 14. Nce4 Qe7 15.
Rac1 Bd7 16. Nxd6 cxd6 17. Qb4 Bb5 18. Rfe1 Rfd8 19. Bh3 Nf8 20. a4 Be8 21. Nc4
b5 22. Nb6 Rab8 23. a5 Qb7 24. e4 Nh7 25. Rc3 Ng5 26. Bg2 Qe7 27. Rec1 Qf6 28.
h4 Nh7 29. Rc7 g5 30. hxg5 Nxg5 31. Qc3 Qg6 32. Qe3 f5 33. Nc8 Rbxc8 34. Rxc8
Rxc8 35. Rxc8 fxe4 36. Qa7 Kf8 37. Qxa6 Ke7 38. Qb7+ Kf6 39. Qb6 Kf5 40. a6 Qh5
41. Rc1 Nf3+ 42. Bxf3 exf3 43. Qe3 Kg4 44. Qe4+ Kg5 45. Qh4+ Qxh4 46. gxh4+ Kg4
47. a7 Bf7 48. a8=Q Bh5 49. Qf8 e4 50. Qxd6 b4 51. Qg3+ Kf5 52. d6 Bg4 53. Rc5+
Ke6 54. Qxg4+ Kf6 55. Qxe4 h5 56. d7 b3 57. d8=Q+ Kg7 58. Qee7+ Kh6 59. Qf6+ Kh7
60. Qdh8# 1-0

[Event "Titled Tue 27th May Early"]
[Site "chess.com INT"]
[Date "2025.05.27"]
[Round "7"]
[White "Teh, Wee Zhun"]
[Black "Guliev, Gasan"]
[Result "0-1"]
[WhiteTitle "CM"]
[BlackTitle "CM"]
[WhiteElo "2010"]
[BlackElo "2123"]
[WhiteFideId "5707277"]
[BlackFideId "34165638"]
[EventDate "2025.05.27"]

1. d4 Nf6 2. c4 c5 3. d5 b5 4. cxb5 a6 5. Nc3 e6 6. e4 axb5 7. Bxb5 Qa5 8. dxe6
fxe6 9. Bd3 Nc6 10. Nf3 Be7 11. Bd2 Nb4 12. Be2 Ba6 13. O-O O-O 14. a3 Bxe2 15.
Qxe2 Nc2 16. Rac1 Nd4 17. Nxd4 cxd4 18. Nd5 Qd8 19. Nxe7+ Qxe7 20. Bb4 d6 21. e5
Nd5 22. Bxd6 Qb7 23. Bxf8 Rxf8 24. Qg4 Nf4 25. Rcd1 h5 26. Qf3 Qxb2 27. Kh1 h4
28. h3 Rf5 29. Rfe1 Nd5 30. Qe2 Qxe2 31. Rxe2 Nc3 32. Rde1 Nxe2 33. Rxe2 Rf4 34.
f3 Kf7 35. Kg1 Kg6 36. Kf2 Kf5 37. Rd2 Kxe5 38. a4 Rf7 39. a5 Ra7 40. Ra2 Kd5
41. Ke2 Kc4 42. Kd2 Kb4 43. Kd3 e5 44. a6 Kb5 45. Ke4 Rxa6 46. Rb2+ Kc5 47. Kxe5
d3 48. Ke4 Kc4 49. Ke3 Re6+ 50. Kf2 Kc3 51. Ra2 d2 52. Ra1 Kb2 53. Rd1 Kc2 54.
Ra1 d1=Q 55. Ra2+ Kd3 56. Ra3+ Kd4 57. Ra2 Qe1# 0-1

[Event "Titled Tue 27th May Early"]
[Site "chess.com INT"]
[Date "2025.05.27"]
[Round "7"]
[White "Radchenko, Alexey"]
[Black "Miranda Camus, Joaquin Ignacio"]
[Result "1/2-1/2"]
[WhiteTitle "FM"]
[BlackTitle "FM"]
[WhiteElo "2293"]
[BlackElo "2196"]
[WhiteFideId "4192362"]
[BlackFideId "3449300"]
[EventDate "2025.05.27"]

1. c4 b6 2. Nc3 Bb7 3. f3 f5 4. d4 Nf6 5. d5 g6 6. e4 fxe4 7. fxe4 d6 8. Nf3 Bg7
9. Qa4+ Qd7 10. Nb5 O-O 11. Qc2 a6 12. Nbd4 e5 13. Ne6 Re8 14. Bd3 Rxe6 15. dxe6
Qxe6 16. c5 bxc5 17. Bc4 d5 18. Qb3 dxc4 19. Qxb7 Qc6 20. Qc8+ Bf8 21. Qh3 Qxe4+
22. Kf1 Nc6 23. Qe6+ Kg7 24. Bh6+ Kxh6 25. Qxf6 Be7 26. Qe6 Rf8 27. Re1 Rxf3+
28. gxf3 Qxf3+ 29. Kg1 Bh4 30. Rf1 Qe3+ 31. Kg2 Nd4 32. Qg4 Qd2+ 33. Kh3 Bg5 34.
Rhg1 Nf5 35. Rxf5 gxf5 36. Qxf5 Qd3+ 37. Kg4 Qd4+ 38. Kf3 Qxg1 39. Qh3+ Kg6 40.
Qe6+ Kg7 41. Qxe5+ Bf6 42. Qxc7+ Kg6 43. Qc8 Qd4 44. Qg8+ Bg7 45. Qe8+ Kh6 46.
Kg2 Qf6 47. b3 Qb2+ 48. Kh3 Qc3+ 49. Kg4 Qd4+ 50. Kf5 Qf6+ 51. Kg4 Qg6+ 52.
Qxg6+ Kxg6 53. bxc4 Bd4 54. h4 h5+ 55. Kf4 Bf6 56. Ke4 Bxh4 57. Kd5 Bf2 58. Kc6
h4 59. Kb6 h3 60. Kxa6 h2 61. Kb6 h1=Q 62. a4 Qa8 63. a5 Kf7 64. a6 Ke7 65. a7
Kd8 66. Ka6 Kc7 67. Kb5 Qxa7 1/2-1/2

[Event "Titled Tue 27th May Early"]
[Site "chess.com INT"]
[Date "2025.05.27"]
[Round "7"]
[White "Jiganchine, Roman"]
[Black "Dovgaliuk, Oleksandr"]
[Result "1/2-1/2"]
[WhiteTitle "CM"]
[WhiteElo "2205"]
[BlackElo "2240"]
[WhiteFideId "2603667"]
[BlackFideId "14167247"]
[EventDate "2025.05.27"]

1. Nf3 Nf6 2. c4 g6 3. Nc3 Bg7 4. e4 e5 5. Nxe5 O-O 6. d4 Re8 7. Be2 d6 8. Nd3
Nxe4 9. O-O Bxd4 10. Nxe4 Rxe4 11. Bf3 Re8 12. Nf4 Bg7 13. Qb3 Nc6 14. Be3 Ne5
15. Be2 b6 16. c5 bxc5 17. Rfd1 c4 18. Bxc4 Nxc4 19. Qxc4 Rb8 20. Bxa7 Rxb2 21.
Rac1 Qg5 22. Be3 Bb7 23. h4 Qg4 24. Nd5 Qxc4 25. Rxc4 Rxa2 26. Rxc7 Bxd5 27.
Rxd5 h5 28. Rb5 d5 29. g3 d4 30. Bf4 d3 31. Rbb7 Rf8 32. Rd7 d2 33. Rxd2 Rxd2
34. Bxd2 f6 35. Be3 Rf7 36. Rxf7 Kxf7 37. Kg2 Ke6 38. Kf3 Bf8 39. Ke4 Bb4 40. f3
Be1 41. Bf4 Bf2 42. Kd3 Kf5 43. Ke2 Bb6 44. Kf1 g5 45. hxg5 fxg5 46. Bd6 Bd4 47.
Kg2 Be5 48. Bc5 Ke6 49. Be3 Kf5 50. Bd2 Bf6 51. Be3 Ke6 52. Bd2 Kd5 53. Be3 Kc4
54. g4 Kd3 55. Bxg5 Bxg5 56. gxh5 Kd4 57. Kg3 Ke5 58. Kg4 Bh6 59. f4+ Bxf4 60.
h6 Bxh6 1/2-1/2

[Event "Titled Tue 27th May Early"]
[Site "chess.com INT"]
[Date "2025.05.27"]
[Round "7"]
[White "El Zein, Zayne-Eddine"]
[Black "Injac, Teodora"]
[Result "0-1"]
[WhiteTitle "CM"]
[BlackTitle "IM"]
[WhiteElo "2146"]
[BlackElo "2474"]
[WhiteFideId "5313210"]
[BlackFideId "932400"]
[EventDate "2025.05.27"]

1. e4 e5 2. Nf3 Nc6 3. d3 Nf6 4. g3 Bc5 5. Bg2 d6 6. O-O h6 7. Nc3 a5 8. h3 O-O
9. Kh2 a4 10. a3 Be6 11. Nh4 Nd4 12. Nd5 c6 13. Ne3 d5 14. exd5 cxd5 15. Rb1 Bd6
16. c3 Nb3 17. Nef5 Bc7 18. Be3 Qd7 19. Nxh6+ gxh6 20. Bxh6 Rfe8 21. Qf3 Nh7 22.
Qh5 Ra6 23. c4 Kh8 24. Rbe1 Rg8 25. Nf3 f6 26. Nh4 Qf7 27. Qf3 Nd4 28. Qd1 dxc4
29. Be3 Bb6 30. dxc4 Bxc4 31. Rg1 Bb3 32. Qc1 Raa8 33. Be4 Rac8 34. Qd2 Bc2 35.
Bd3 Bxd3 36. Qxd3 Rgd8 37. Qe4 Rg8 38. Bh6 Ba7 39. Nf5 Nxf5 40. Qxf5 Bc5 41.
Rxe5 Qg6 42. Rxc5 Rxc5 43. Qxc5 Qxh6 44. Rg2 Qg6 45. Qb4 Ng5 46. h4 Nf3+ 47. Kh3
Qf5+ 48. g4 Qe5 49. Rg3 Ne1 50. Qd2 Re8 51. Qh6+ Kg8 52. Qg6+ Kf8 53. h5 Qf4 54.
h6 Qxf2 55. h7 Qf1+ 56. Kh4 Qh1+ 57. Rh3 Nf3+ 58. Kg3 Qg1+ 59. Kxf3 Re3+ 60. Kf4
Qf2+ 61. Rf3 Qxf3# 0-1

[Event "Titled Tue 27th May Early"]
[Site "chess.com INT"]
[Date "2025.05.27"]
[Round "7"]
[White "Shirov, Alexei"]
[Black "Aradhya, Garg"]
[Result "1-0"]
[WhiteTitle "GM"]
[BlackTitle "IM"]
[WhiteElo "2620"]
[BlackElo "2383"]
[WhiteFideId "2209390"]
[BlackFideId "25006746"]
[EventDate "2025.05.27"]

1. e4 e5 2. Nf3 Nc6 3. Bb5 a6 4. Ba4 Nf6 5. O-O Be7 6. d3 b5 7. Bb3 d6 8. a4 Na5
9. axb5 Nxb3 10. cxb3 O-O 11. Nc3 Bb7 12. bxa6 Rxa6 13. Rxa6 Bxa6 14. Re1 c6 15.
d4 Qc7 16. Bg5 h6 17. Bh4 Nh5 18. Bxe7 Qxe7 19. b4 Nf4 20. Qa4 Bb7 21. dxe5 dxe5
22. Rd1 c5 23. bxc5 Qxc5 24. Qd7 Ba8 25. Qd6 Qxd6 26. Rxd6 f6 27. g3 Ng6 28. b4
Rc8 29. Nd5 Rb8 30. b5 Bxd5 31. Rxd5 Kf7 32. Nd2 Ne7 33. Rc5 Rd8 34. Nc4 Ke6 35.
b6 Rb8 36. Rc7 f5 37. Rc5 fxe4 38. Rxe5+ Kd7 39. Rxe4 Nd5 40. Rd4 Kc6 41. Kg2
Nxb6 42. Rd6+ Kc5 43. Rxb6 Rxb6 44. Nxb6 Kxb6 45. Kf3 Kc5 46. Ke4 Kd6 47. Kf5
Ke7 48. Kg6 Kf8 49. f4 Kg8 50. f5 Kf8 51. h4 Kg8 52. h5 Kh8 53. f6 gxf6 54. Kxf6
Kh7 55. Kf7 Kh8 56. Kg6 Kg8 57. Kxh6 Kh8 58. Kg6 Kg8 59. h6 Kh8 60. g4 Kg8 61.
g5 Kh8 62. Kf7 Kh7 63. g6+ Kxh6 64. g7 Kh5 65. g8=Q Kh4 66. Qg2 Kh5 67. Kf6 Kh4
68. Kf5 Kh5 69. Qh3# 1-0

[Event "Titled Tue 27th May Early"]
[Site "chess.com INT"]
[Date "2025.05.27"]
[Round "7"]
[White "Mendonca, Leon Luke"]
[Black "Aslanov, Umid"]
[Result "0-1"]
[WhiteTitle "GM"]
[BlackTitle "FM"]
[WhiteElo "2630"]
[BlackElo "2324"]
[WhiteFideId "35028561"]
[BlackFideId "13412620"]
[EventDate "2025.05.27"]

1. c4 e6 2. Nf3 d5 3. e3 Nf6 4. Nc3 Be7 5. b3 O-O 6. Bb2 dxc4 7. Bxc4 c5 8. O-O
b6 9. Be2 Bb7 10. d3 Nc6 11. a3 a6 12. Rc1 Rc8 13. Nb1 b5 14. Nbd2 Qd7 15. Qc2
Rfd8 16. Rfd1 Qc7 17. Qb1 Qb6 18. Qa1 a5 19. a4 Nb4 20. axb5 Bxf3 21. Nxf3 Qxb5
22. Bf1 Nc6 23. Qa2 Rb8 24. Nd2 Nb4 25. Qb1 Nxd3 26. Bxf6 Bxf6 27. Ne4 Nxc1 28.
Rxc1 Qxb3 29. Nxf6+ gxf6 30. Qe4 Qd5 31. Qg4+ Qg5 32. Qa4 Ra8 33. Rc4 h5 34. h3
Rdb8 35. Qc2 Rc8 36. Qa4 Rcb8 37. Qc2 Qg6 38. Bd3 f5 39. e4 f4 40. e5 Qg5 41.
Rxc5 a4 42. Be4 Ra7 43. Rc7 Ra5 44. Rc5 Rxc5 45. Qxc5 Kg7 46. Kh2 Rb2 47. Qd4
Re2 48. Bf3 Qxe5 49. Qxa4 Rxf2 50. Qa3 Rf1 51. Qe7 Qd4 52. Qg5+ Kf8 53. g4 Qg1# 0-1

[Event "Titled Tue 27th May Early"]
[Site "chess.com INT"]
[Date "2025.05.27"]
[Round "7"]
[White "Piesik, Piotr"]
[Black "Bozorov, Javohir"]
[Result "1-0"]
[WhiteTitle "IM"]
[BlackTitle "FM"]
[WhiteElo "2436"]
[BlackElo "2093"]
[WhiteFideId "1136194"]
[BlackFideId "14216957"]
[EventDate "2025.05.27"]

1. Nf3 d5 2. g3 Bg4 3. Bg2 Nd7 4. O-O Ngf6 5. d3 c6 6. Nbd2 Qc7 7. e4 e5 8. h3
Bh5 9. Qe1 Bd6 10. d4 O-O 11. Nxe5 Nxe5 12. dxe5 Bxe5 13. Kh2 Rfe8 14. f4 Bd4
15. e5 Bg6 16. Qd1 Nd7 17. Nb3 Bb6 18. f5 Nxe5 19. fxg6 Nxg6 20. Qf3 Re6 21. Bd2
Rf6 22. Qh5 Bf2 23. Rxf2 Rxf2 24. Re1 Rf8 25. Qg5 h6 26. Qe3 Rf6 27. Nd4 a6 28.
b4 b6 29. Qc3 Qd6 30. Nf3 c5 31. bxc5 bxc5 32. h4 d4 33. Qd3 Re6 34. Rxe6 Qxe6
35. a4 Re8 36. h5 Nf8 37. Bf4 Nd7 38. c3 dxc3 39. Qxc3 Nb6 40. a5 Nd5 41. Qxc5
Nxf4 42. gxf4 Qf6 43. Kg3 Re4 44. Qc7 g6 45. hxg6 Qxg6+ 46. Kf2 Qf6 47. Kg3 Qg6+
48. Kf2 Qf6 49. Qc8+ Kg7 50. Qg4+ Kh7 51. Ng5+ hxg5 52. Bxe4+ Kh6 53. Qxg5+ Qxg5
54. fxg5+ Kxg5 55. Bd3 Kf4 56. Bxa6 Ke5 57. Be2 Kd6 58. a6 Kc7 59. Ke3 Kb6 60.
Kf4 Ka7 61. Kf5 Kb6 62. Kf6 Ka7 63. Kxf7 Kb6 64. Ke6 Ka7 65. Kd5 Kb6 66. Kc4 Ka7
67. Kb5 Ka8 68. Kb6 Kb8 69. a7+ Ka8 70. Bf3# 1-0

[Event "Titled Tue 27th May Early"]
[Site "chess.com INT"]
[Date "2025.05.27"]
[Round "7"]
[White "Sabuk, Piotr"]
[Black "Shymanskyi, Oleksandr"]
[Result "1/2-1/2"]
[WhiteTitle "IM"]
[BlackTitle "FM"]
[WhiteElo "2321"]
[BlackElo "2218"]
[WhiteFideId "1137565"]
[BlackFideId "14168880"]
[EventDate "2025.05.27"]

1. d4 Nf6 2. c4 e6 3. Nc3 Bb4 4. Bd2 O-O 5. a3 Bxc3 6. Bxc3 Ne4 7. Qc2 Nxc3 8.
Qxc3 d5 9. e3 Nd7 10. Bd3 dxc4 11. Qxc4 e5 12. Nf3 exd4 13. Qxd4 Nf6 14. O-O
Qxd4 15. Nxd4 Rd8 16. Rac1 c6 17. f3 g6 18. Kf2 Kg7 19. Rfd1 Bd7 20. Bc4 c5 21.
Ne2 Ba4 22. b3 Bc6 23. Nc3 a6 24. a4 Kf8 25. e4 Rab8 26. a5 Ne8 27. Nd5 Nd6 28.
Nb6 Nxc4 29. Nxc4 Bb5 30. Ne3 Rxd1 31. Rxd1 b6 32. axb6 Rxb6 33. Rd8+ Kg7 34.
Nd5 Rb7 35. Rc8 Bd7 36. Rc7 Rxc7 37. Nxc7 a5 38. Na6 c4 39. bxc4 a4 40. Nb4 Be6
41. c5 a3 42. c6 a2 43. Nc2 Kf8 44. Ke3 Ke7 45. Kd4 Kd6 46. Kc3 Kxc6 47. Kb2 Kb5
48. Nd4+ Kc4 49. Nxe6 fxe6 50. Kxa2 Kd3 51. Kb3 Ke2 52. Kc4 Kf2 53. Kd4 Kxg2 54.
f4 Kxh2 55. Ke5 Kg3 56. Kxe6 h5 57. f5 gxf5 58. exf5 h4 59. f6 h3 60. f7 h2 61.
f8=Q h1=Q 62. Qg7+ Kf2 63. Qd4+ Kg2 64. Qe4+ Kh2 65. Qxh1+ Kxh1 1/2-1/2